000
00340 a2200157 4500
001
44638
020
_a
040
_c
Anchieta - Aquarius
100
_a
Gouveia, Luis Augusto
240
1
0
_a
Filho de peixinho
_l
por
245
1
0
_a
Filho de peixinho
300
_a
32
362
0
_a
2002
650
4
_a
Literatura infanto-juvenil
942
_c
BK
999
_c
44638
_d
44638